Every Taylor Swift Song With the First Word 'The' - Statistics

General Stats
  • This quiz has been taken 12 times
  • The average score is 15 of 24
Answer Stats
Album Song % Correct
The Life of a Showgirl The Life of a Showgirl
89%
The Tortured Poets Department The Tortured Poets Department
89%
folklore the 1
78%
The Life of a Showgirl The Fate of Ophelia
78%
folklore (deluxe version) the lakes
78%
The Tortured Poets Department The Smallest Man Who Ever Lived
78%
The Tortured Poets Department The Alchemy
67%
The Tortured Poets Department: The Anthology The Black Dog
67%
Midnights (3am Edition) The Great War
67%
folklore the last great american dynasty
67%
Lover The Man
67%
The Tortured Poets Department: The Anthology The Albatross
56%
Lover The Archer
56%
Red The Last Time
56%
Red The Lucky One
56%
The Tortured Poets Department: The Anthology The Manuscript
56%
Taylor Swift The Outside
56%
Speak Now The Story of Us
56%
Fearless The Best Day
44%
The Tortured Poets Department: The Anthology The Bolter
44%
Fearless The Other Side of the Door
44%
The Tortured Poets Department: The Anthology The Prophecy
44%
Red (Taylor's Version) (From The Vault) The Very First Night
44%
Fearless The Way I Loved You
44%
No matching quizzes found
Score Distribution
Percent of People with Each Score
Percentile by Number Answered
Your Score History
You have not taken this quiz